Catalog

Record Details

Catalog Search



Available copies

  • 2 of 2 copies available at LARL/NWRL Consortium. (Show)
  • 2 of 2 copies available at Northwest Regional Library.

Current holds

0 current holds with 2 total copies.

Show All Copies
Location Call Number / Copy Notes Barcode Shelving Location Status Due Date
Godel Memorial-Warren Library OSH (Text) 35500002557286 Main Available -
Roseau Public Library OSH (Text) 35500002557278 Main Available -

Record details

  • ISBN: 0385318723
  • Physical Description: 435 p. ; 25 cm.
  • Publisher: New York : Delacorte Press, c1998.
Subject: Women lawyers > Fiction.
Palimony > Fiction.
Tahoe, Lake (Calif. and Nev.) > Fiction.
Genre: Legal stories.
Mystery fiction.
LDR 01103cam a2200325Ia 4500
00123540
003LARL_NWRL_CONSORTIUM
00519980827163850.0
008980202s1998 nyu 000 1 eng
020 . ‡a0385318723
035 . ‡a(OCoLC)38378393
043 . ‡an-us--- ‡an-us-ca ‡an-us-nv
08200. ‡a813/.54 ‡221
099 . ‡aOSh
1001 . ‡aO'Shaughnessy, Perri. ‡0(LARL_NWRL_CONSORTIUM)117024
24510. ‡aBreach of promise ‡n#4/ ‡cPerri O'Shaughnessy.
260 . ‡aNew York : ‡bDelacorte Press, ‡cc1998.
300 . ‡a435 p. ; ‡c25 cm.
4900 . ‡aNina Reilly ; ‡v4
650 0. ‡aWomen lawyers ‡vFiction. ‡0(LARL_NWRL_CONSORTIUM)167904
650 0. ‡aPalimony ‡vFiction.
651 0. ‡aTahoe, Lake (Calif. and Nev.) ‡vFiction.
655 7. ‡aLegal stories. ‡2gsafd
655 7. ‡aMystery fiction. ‡2gsafd
901 . ‡a23540 ‡bOCLC ‡c23540 ‡tbiblio

Additional Resources